Classement FIBA - Statistiques

Statistiques générales
  • Ce quiz a été pris 120 fois
  • Le résultat moyen est 13 sur 15
Statistiques - réponses
Rang Equipe nationale % Correct
#9 France
100%
#2 Espagne
99%
#1 USA
99%
#7 Canada
97%
#3 Allemagne
96%
#4 Serbie
90%
#13 Italie
87%
#8 Argentine
85%
#12 Brésil
85%
#5 Australie
82%
#11 Slovénie
80%
#10 Lituanie
75%
#14 Grèce
74%
#6 Lettonie
62%
#15 Pologne
52%
Aucun quiz correspondant
Distribution des résultats
% des personnes avec chaque résultat
Percentile par nombre de réponses
Votre historique - résultats
Vous n’avez pas pris ce quiz